Statistics for Every Premier League Goalscorer (2023/24)

Click here to take the quiz!

General Stats

  • This quiz has been taken 8,773 times
    (252 since last reset)
  • The average score is 110 of 298

Answer Stats

PlayerClubGoals% Correct
Bukayo SakaArsenal16
95%
Mohamed SalahLiverpool18
92%
Erling HaalandManchester City27
89%
Cole PalmerChelsea22
88%
Gabriel MartinelliArsenal6
88%
Gabriel JesusArsenal4
87%
Martin ØdegaardArsenal8
87%
Ollie WatkinsAston Villa19
85%
Bruno FernandesManchester United10
84%
Darwin NúñezLiverpool11
84%
Kai HavertzArsenal13
84%
Luis DíazLiverpool8
83%
Gabriel MagalhãesArsenal4
82%
Heung-min SonTottenham Hotspur16
82%
Phil FodenManchester City19
82%
Virgil van DijkLiverpool2
81%
Declan RiceArsenal7
80%
Micky van de VenTottenham Hotspur3
80%
Nicolas JacksonChelsea14
80%
Kevin De BruyneManchester City4
79%
William SalibaArsenal2
79%
Morgan Gibbs-WhiteNottingham Forest5
78%
Trent Alexander-ArnoldLiverpool3
78%
Ben WhiteArsenal4
77%
Bernardo SilvaManchester City6
77%
Marcus RashfordManchester United7
77%
Thiago SilvaChelsea3
76%
Dominic SolankeBournemouth19
75%
Leandro TrossardArsenal12
75%
RodriManchester City8
74%
Ivan ToneyBrentford4
73%
Julián ÁlvarezManchester City11
73%
Alejandro GarnachoManchester United7
72%
Alexander IsakNewcastle United21
72%
Andrew RobertsonLiverpool3
72%
Eberechi EzeCrystal Palace11
72%
Raheem SterlingChelsea8
71%
Rasmus HøjlundManchester United10
69%
Diogo JotaLiverpool10
68%
Alexis Mac AllisterLiverpool5
67%
Jack GrealishManchester City3
67%
Michael OliseCrystal Palace10
67%
Ben Brereton DíazSheffield United6
66%
Cody GakpoLiverpool8
66%
Jean-Philippe MatetaCrystal Palace16
66%
Harry MaguireManchester United2
65%
Oleksandr ZinchenkoArsenal1
65%
Joško GvardiolManchester City4
64%
RicharlisonTottenham Hotspur11
64%
John StonesManchester City1
63%
Edson ÁlvarezWest Ham United1
62%
Enzo FernándezChelsea3
62%
Moisés CaicedoChelsea1
62%
Moussa DiabyAston Villa6
62%
Takehiro TomiyasuArsenal2
62%
Dejan KulusevskiTottenham Hotspur8
61%
Dominic Calvert-LewinEverton8
61%
Dominik SzoboszlaiLiverpool3
61%
Eddie NketiahArsenal5
61%
Jarrod BowenWest Ham United16
61%
Kobbie MainooManchester United3
61%
Anthony GordonNewcastle United11
60%
AntonyManchester United1
60%
Bruno GuimarãesNewcastle United7
59%
CasemiroManchester United1
59%
Jérémy DokuManchester City3
59%
Leon BaileyAston Villa10
59%
Nathan AkéManchester City2
59%
Bryan MbeumoBrentford9
58%
Callum WilsonNewcastle United9
58%
Harry WilsonFulham4
58%
Scott McTominayManchester United7
58%
Conor GallagherChelsea5
57%
Curtis JonesLiverpool1
57%
Diogo DalotManchester United2
56%
John McGinnAston Villa6
56%
Mykhailo MudrykChelsea5
56%
Wataru EndōLiverpool1
56%
Chris WoodNottingham Forest14
55%
Harvey ElliottLiverpool3
55%
Kaoru MitomaBrighton & Hove Albion3
55%
Michail AntonioWest Ham United6
55%
Douglas LuizAston Villa9
54%
Manuel AkanjiManchester City2
53%
Brennan JohnsonTottenham Hotspur5
52%
João PedroBrighton & Hove Albion9
51%
Raphaël VaraneManchester United1
51%
Yoane WissaBrentford12
51%
Cristian RomeroTottenham Hotspur5
50%
Ross BarkleyLuton Town5
50%
James MaddisonTottenham Hotspur4
49%
Noni MaduekeChelsea5
49%
Evan FergusonBrighton & Hove Albion6
48%
Matty CashAston Villa2
48%
Kieran TrippierNewcastle United1
47%
Mohammed KudusWest Ham United8
46%
Pascal GroßBrighton & Hove Albion4
46%
Pedro PorroTottenham Hotspur3
46%
Anthony MartialManchester United1
45%
Lucas PaquetáWest Ham United4
45%
Danny WelbeckBrighton & Hove Albion5
43%
Fabian SchärNewcastle United4
43%
Pau TorresAston Villa2
43%
Raúl JiménezFulham7
43%
Axel DisasiChelsea2
42%
Dan BurnNewcastle United2
42%
Destiny UdogieTottenham Hotspur2
42%
Hee-chan HwangWolverhampton Wanderers12
42%
Matheus CunhaWolverhampton Wanderers12
42%
Sven BotmanNewcastle United2
42%
Tomáš SoučekWest Ham United7
42%
Callum Hudson-OdoiNottingham Forest8
41%
Lewis DunkBrighton & Hove Albion3
41%
Mateo KovačićManchester City1
41%
Rico LewisManchester City2
41%
Carlton MorrisLuton Town11
40%
Elijah AdebayoLuton Town10
40%
Jakub KiwiorArsenal1
40%
Jarell QuansahLiverpool2
40%
Miguel AlmirónNewcastle United3
40%
Ezri KonsaAston Villa1
39%
JoelintonNewcastle United2
39%
Lucas DigneAston Villa1
39%
Oscar BobbManchester City1
39%
Pedro NetoWolverhampton Wanderers2
39%
Abdoulaye DoucouréEverton7
38%
Anthony ElangaNottingham Forest5
37%
James TarkowskiEverton1
37%
Sean LongstaffNewcastle United6
37%
Jhon DuránAston Villa5
36%
Mason MountManchester United1
36%
Christian EriksenManchester United1
35%
Conor BradleyLiverpool1
35%
Harvey BarnesNewcastle United5
35%
James Ward-ProwseWest Ham United7
35%
Kurt ZoumaWest Ham United3
34%
Pape Matar SarrTottenham Hotspur3
34%
Christopher NkunkuChelsea3
33%
David Datro FofanaBurnley4
33%
Joachim AndersenCrystal Palace2
33%
Mads AndersenLuton Town1
33%
Timo WernerTottenham Hotspur2
33%
WillianFulham4
33%
Amad DialloManchester United1
32%
Dwight McNeilEverton3
32%
Neal MaupayBrentford6
32%
Victor LindelöfManchester United1
32%
Justin KluivertBournemouth7
31%
Odsonne ÉdouardCrystal Palace7
31%
Rodrigo BentancurTottenham Hotspur1
31%
Rodrigo MunizFulham9
31%
Taiwo AwoniyiNottingham Forest6
31%
Amadou OnanaEverton2
30%
BetoEverton3
30%
Jacob MurphyNewcastle United3
29%
Jarrad BranthwaiteEverton3
29%
Pervis EstupiñánBrighton & Hove Albion2
29%
Youri TielemansAston Villa2
29%
Ben DaviesTottenham Hotspur1
28%
Fábio VieiraArsenal1
28%
Jacob RamseyAston Villa1
28%
João GomesWolverhampton Wanderers2
28%
Sandro TonaliNewcastle United1
28%
Toti GomesWolverhampton Wanderers1
28%
Adama TraoréFulham2
27%
André GomesEverton1
27%
João PalhinhaFulham4
27%
Jordan AyewCrystal Palace4
27%
Oli McBurnieSheffield United6
27%
Antoine SemenyoBournemouth8
26%
Idrissa GueyeEverton4
26%
Mathias JensenBrentford3
26%
Philip BillingBournemouth2
26%
Trevoh ChalobahChelsea1
26%
Ben MeeBrentford2
25%
Christian NørgaardBrentford2
25%
Solly MarchBrighton & Hove Albion3
25%
Tyrick MitchellCrystal Palace2
25%
Alex IwobiFulham5
24%
Alfie DoughtyLuton Town2
24%
Armando BrojaChelsea1
24%
Emerson PalmieriWest Ham United1
24%
Jacob BrownLuton Town2
24%
Ryan GravenberchLiverpool1
24%
Tahith ChongLuton Town4
24%
Jack HarrisonEverton2
23%
Jack RobinsonSheffield United1
23%
Àlex MorenoAston Villa2
22%
Danny IngsWest Ham United1
22%
Jay RodriguezBurnley2
22%
Levi ColwillChelsea1
22%
Marcos SenesiBournemouth4
22%
Nicolò ZanioloAston Villa2
22%
Ansu FatiBrighton & Hove Albion2
21%
Sander BergeBurnley1
21%
Zeki AmdouniBurnley5
21%
Bobby De Cordova-ReidFulham6
20%
Emerson RoyalTottenham Hotspur1
20%
Jamaal LascellesNewcastle United1
20%
Lewis HallNewcastle United1
20%
Lewis MileyNewcastle United1
20%
Lyle FosterBurnley5
20%
Tino LivramentoNewcastle United1
20%
Vitaliy MykolenkoEverton2
20%
Jeffrey SchluppCrystal Palace2
19%
Max KilmanWolverhampton Wanderers2
19%
Morgan RogersAston Villa3
19%
Rayan Aït-NouriWolverhampton Wanderers2
19%
Simon AdingraBrighton & Hove Albion6
19%
Tim ReamFulham1
19%
Willy BolyNottingham Forest2
19%
Alfie GilchristChelsea1
18%
Cameron ArcherSheffield United4
18%
Enes ÜnalBournemouth2
18%
Gustavo HamerSheffield United4
18%
James GarnerEverton1
18%
Kristoffer AjerBrentford2
18%
Marcus TavernierBournemouth3
18%
Nayef AguerdWest Ham United1
18%
Vitaly JaneltBrentford1
18%
Carney ChukwuemekaChelsea1
17%
Giovani Lo CelsoTottenham Hotspur2
17%
Joe WillockNewcastle United1
17%
Josh BrownhillBurnley4
17%
Keane Lewis-PotterBrentford3
17%
Luis SinisterraBournemouth2
17%
Mario LeminaWolverhampton Wanderers4
17%
Michael KeaneEverton1
17%
Andreas PereiraFulham3
16%
Chris RichardsCrystal Palace1
16%
Craig DawsonWolverhampton Wanderers1
16%
Ethan PinnockBrentford2
16%
Jacob Bruun LarsenBurnley6
16%
Pablo SarabiaWolverhampton Wanderers4
16%
Tom CairneyFulham1
16%
Wilson OdobertBurnley3
16%
Alex ScottBournemouth1
15%
Illya ZabarnyiBournemouth1
15%
Calvin BasseyFulham1
14%
Charlie TaylorBurnley1
14%
Chiedozie OgbeneLuton Town4
14%
DaniloNottingham Forest2
14%
Facundo BuonanotteBrighton & Hove Albion3
14%
Albert Sambi LokongaLuton Town1
13%
Andros TownsendLuton Town1
13%
James McAteeSheffield United3
13%
Jefferson LermaCrystal Palace1
13%
Joël VeltmanBrighton & Hove Albion1
13%
Konstantinos MavropanosWest Ham United1
13%
Tom LockyerLuton Town1
13%
David BrooksBournemouth1
12%
Jóhann Berg GuðmundssonBurnley1
12%
Josh CullenBurnley2
12%
Kevin SchadeBrentford2
12%
Nathan CollinsBrentford1
12%
Ola AinaNottingham Forest1
12%
Ryan YatesNottingham Forest1
12%
Timothy CastagneFulham1
12%
Anel AhmedhodžićSheffield United2
11%
Dara O'SheaBurnley3
11%
Jack HinshelwoodBrighton & Hove Albion3
11%
Kenny TeteFulham1
11%
Kieffer MooreBournemouth1
11%
Matt DohertyWolverhampton Wanderers1
11%
Teden MengiLuton Town1
11%
Arnaut DanjumaEverton1
10%
Carlos ViníciusFulham2
10%
Dango OuattaraBournemouth1
10%
Hannibal MejbriManchester United1
10%
Jayden BogleSheffield United3
10%
Jordan ClarkLuton Town1
10%
Leander DendonckerAston Villa1
10%
Luca KoleoshoBurnley1
10%
Mads RoerslevBrentford1
10%
Nicolás DomínguezNottingham Forest2
10%
Tosin AdarabioyoFulham2
10%
Gabriel OshoLuton Town2
9%
Harry ToffoloNottingham Forest1
9%
Matt RitchieNewcastle United1
9%
Oliver NorwoodSheffield United1
9%
Saša LukićFulham1
9%
Ameen Al-DakhilBurnley1
8%
Jean-Ricner BellegardeWolverhampton Wanderers2
8%
Lorenz AssignonBurnley1
8%
Mathias JørgensenBrentford1
8%
Orel MangalaNottingham Forest1
8%
Saman GhoddosBrentford1
8%
Alejo VélizTottenham Hotspur1
7%
Cauley WoodrowLuton Town1
7%
Frank OnyekaBrentford1
7%
Lewis DobbinEverton1
7%
Saša KalajdžićWolverhampton Wanderers2
7%
George EarthyWest Ham United1
6%
Luke BerryLuton Town2
6%
Shandon BaptisteBrentford1
6%
Maxwel CornetWest Ham United1
5%
Moussa NiakhatéNottingham Forest1
5%
Vinícius SouzaSheffield United1
4%

Score Distribution

Percentile by Number Answered

Percent of People with Each Score

Your Score History

You have not taken this quiz since the last reset